Регионална библиотека "Любен Каравелов" - Русе

Природната медицина - панацея за красотата, младостта и дълголетието на жената (Запис номер 134199)

MARC детайли
000 -Лидер
Контролно поле с фиксирана дължина 02107nam a2200433 c 4500
003 - Код на организацията, давaща контролен номер
Контролно поле BLK
005 - Дата и час на последна редакция
Контролно поле 20230322121457.0
008 - Елементи от данни с фиксирана дължина
fixed length control field 180409b bul|||||r ||||||| ||bul||
010 ## - Наследен системен номер
LC control number KNG00140106000
020 ## - Международен стандартен номер на книга ISBN
Международен стандартен номер на книга ISBN 978-954-92301-2-3
-- издат.: Интерюнивърсити - Мермерски - (попр.)
020 ## - Международен стандартен номер на книга ISBN
Международен стандартен номер на книга ISBN 987-954-92301-2-3
-- издат.: Интерюнивърсити - Мермерски - (грешен)
040 ## - Източник на каталожния запис
Идентификатор на билиотеката - собственик на записа BLK
041 ## - Код за език
Код за езика на текст/звукозапис или на отделно заглавие Български
Код за езика КДБФ Български
072 #7 - Код за тематичната категория
Код организация bullib
Код за тематична категория Н61
Текст Медицина Н
080 ## - УДК
Текстов определител УДК Хигиена. Лично здраве. Вж и 614 ; 616-083
УДК код - определител по УДК 613
УДК определител -055.2
УДК - код + определител 613-055.2
080 ## - УДК
Текстов определител УДК Физикални средства. Лечение с природни средства
УДК код - определител по УДК 615.83
УДК определител
УДК - код + определител 615.83
080 ## - УДК
Текстов определител УДК Народна медицина. Лечение с домашни средства
УДК код - определител по УДК 615.89
УДК определител (083.1)
УДК - код + определител 615.89(083.1)
100 1# - Редна дума - Автор
Автор Мермерски, Христо Минков
Авторска отговорност първи автор
R(LIN) 373950
139 ## - Редно поле
Редна дума Мермерски, Христо Минков и др.
Авторски знак Мер - М 49
245 10 - Сведения за заглавието
Заглавие Природната медицина - панацея за красотата, младостта и дълголетието на жената
Редно поле (дума) Христо Минков Мермерски; съавт. Йонко Христов Мермерски.
257 ## - Страна на издаване
Страна на създаване/издаване България
260 ## - Област на издателските данни
-- София
Име на издателя, разпространителя и проч. Интерюнивърсити - Мермерски
Година на издаване 2009
Печатница София : Аси принт
300 ## - Физическа характеристика
Страници 792 с.
Илюстрации и др. с табл.
Размери/Мащаб 20 см
380 ## - Жанр
Жанр Медицина
650 #4 - Допълнително описание по предмет – тема
Основно описание – тема или топоним Жени - хигиена
9 (RLIN) 242990
650 #4 - Допълнително описание по предмет – тема
Основно описание – тема или топоним Природолечение
9 (RLIN) 167899
650 #4 - Допълнително описание по предмет – тема
Основно описание – тема или топоним Лечебно хранене - рецепти
9 (RLIN) 243004
653 ## - Ключова дума – ненормативна
Ключова дума жени
653 ## - Ключова дума – ненормативна
Ключова дума природолечение
653 ## - Ключова дума – ненормативна
Ключова дума хигиена
653 ## - Ключова дума – ненормативна
Ключова дума лечебно хранене
659 ## - Тематичен бюлетин
Тематичен бюлетин Н
700 1# - Други автори (авторска отговорност)
Лично име Мермерски, Йонко Христов
Автороска отговорност (Описва отношението между автора и произведението) съавт.
9 (RLIN) 365059
852 ## - Местоположение
Форматна сигнатура Цб 258552
856 4# - Електронен адрес и достъп
Електронен формат pdf - файл
Път до файла /url/
856 4# - Електронен адрес и достъп
Електронен формат pdf - файл
Път до файла /url/
942 ## - АРТИКУЛИ
Вид на библиотечния материал Книги
Скрит в OPAC Не
Koha issues (borrowed), all copies 1
944 ## - СЪЗДАВАНЕ И РЕДАКЦИЯ на ЗАПИСА
Създаване/Редакция Създаване
Дата на регистрацията/редакция 27.02.2013
Статус, дата на статуса ф /
Служител, извършил регистрацията/редакцията Людмила_Стоянова
944 ## - СЪЗДАВАНЕ И РЕДАКЦИЯ на ЗАПИСА
Създаване/Редакция Редакция
Дата на регистрацията/редакция 23.05.2017
Статус, дата на статуса ф /
Служител, извършил регистрацията/редакцията Виолета_Тройчева
999 ## - СИСТЕМНИ КОНТРОЛНИ НОМЕРА
Koha biblionumber 134199
Koha biblioitemnumber 134199
Наличности
Код за отписване Код за изгубен артикул Източник на класификационната схема Код за повреда Коз за рестрикции Код за отдаване Артикулен № Име на библиотеката - собственик Име на библиотеката, в която се намира в момента Статус (Текущо местоположение) Дата на вписване в системата Местоположение - отдел Цена в лева Инвентарен номер Систематично азбучна сигнатура Баркод Номер на екземпляра Цена в евро Служебна бележка Служебен тип на артикула
  Не е изгубен Universal Decimal Classification Не е повреден само за читалня ползва се в читалня 219063 Регионална библиотека "Любен Каравелов" Русе Регионална библиотека "Любен Каравелов" Русе Читалня 2013-02-22 Читалня 25.00 120000764464 Ч 613/М 49 120000764464 1 12.78 Дост: Pk Вид: Ф N: 353 Дата: 22.02.2013 Дата инв: 17.03.2017 Бележки инв: Ч2017 Книги
Vip Innovations Ltd, Rousse, Bulgaria 2025